000 00477nam a2200157Ia 4500
008 210210b2002 xxu||||| |||| 00| 0 eng d
020 _a0 75284 619 1
082 _a155.6 PEAW
100 _aPEASE (Allan) and BARBARA .
245 _aWhy men don't listen and women can't read maps: how we are different and what to do about it.
260 _aLondon.
_bOrion Books Ltd.,
_c2002
300 _axx,300
650 _aAdult Psychology
690 _aPsychology
906 _a057431
999 _c104690
_d104690